Statistics for Biggest Cities that Start with A

Click here to take the quiz!

General Stats

  • This quiz has been taken 1,193 times
    (242 since last reset)
  • The average score is 11 of 15

Answer Stats

CluesAnswer% Correct
Capital of TurkiyeAnkara
97%
Egyptian city named after Alexander the GreatAlexandria
93%
First city to hold democracyAthens
93%
Capital of EthiopiaAddis Ababa
90%
Biggest city in the North Island (New Zealand)Auckland
90%
Bicycles, Canals, Stroopwafels, ArchitectureAmsterdam
89%
Capital of JordanAmman
86%
Home of the Taj MahalAgra
75%
Capital of MadagascarAntananarivo
75%
Different Kangaroos, Southern of the Land Down UnderAdelaide
73%
Ancient city in SyriaAleppo
65%
Capital of EritreaAsmara
62%
Biggest and Former Capital of KazakhstanAlmaty
58%
Biggest City in GujaratAhmedabad
52%
Was struck by a deadly Earthquake in 2023Adana
23%

Score Distribution

Percentile by Number Answered

Percent of People with Each Score

Your Score History

You have not taken this quiz since the last reset